000 00592nam a22001697a 4500
003 OSt
008 260629b |||||||| |||| 00| 0 eng d
020 _a9789366264134
082 _bC49M
_a570.76
100 _aChaturvedi, Sarika
245 _aMCQs on Life Sciences for NET, GATE and CUET-PG Entrance Exams/ by Sarika Chaturvedi, Aradhana Khare
260 _aNew Delhi:
_bInternational Books & Periodicals Supply Service,
_c2025
300 _ax, 381 p.
650 _a Pure Sciences | Biology | Life Sciences | CSIR - JRF - NET | GATE
700 _aKhare, Aradhana
942 _2ddc
_cBK
999 _c52446
_d52446